| 000 | 00521nam a22001817a 4500 | ||
|---|---|---|---|
| 003 | OSt | ||
| 005 | 20160808153951.0 | ||
| 008 | 160808b xxu||||| |||| 00| 0 eng d | ||
| 020 | _a0727915045 | ||
| 040 | _c040a | ||
| 082 |
_aWB 100 _bC615 2001 |
||
| 245 |
_aClinical evidence : _ba compendium of the best available for effective health care / |
||
| 260 |
_aLondon _bBMJ Publishing group _c2001 |
||
| 300 |
_axxiii, 1432p; _c15 cm. |
||
| 504 | _aIncludes index | ||
| 650 |
_aClinical evidence _910482 |
||
| 942 |
_2z _cO_SHELF |
||
| 999 |
_c4930 _d4930 |
||